00337nam a2200109Ia 4500008004100000050001500041100002000056245006600076260004800142300002400190650001300214150202s9999 xx 000 0 und d aFIC bFIC  aMishima, Yukio. 4aThe sailor who fell from grace with the sea /cYukio Mishima. aNew York :bBerkley Medellion Books,c1965. a144 pages :c18 cm. aFiction.